[Event "Titled Tuesday intern op 16th Apr Early"]
[Site "Chess.com INT"]
[Date "2024.04.16"]
[Round "9"]
[White "Tabatabaei, Mohammad Amin"]
[Black "Yeletsky, Ivan"]
[Result "0-1"]
[WhiteElo "2707"]
[BlackElo "2504"]
[PlyCount "68"]
[EventDate "2024.04.16"]
[EventType "swiss (blitz)"]
[EventRounds "11"]
[EventCountry "USA"]
[SourceTitle "CB17_2024"]
[SourceDate "2024.04.24"]
[SourceVersion "1"]
[SourceVersionDate "2024.04.24"]
[SourceQuality "1"]

1. Nf3 d5 2. b3 Bg4 3. e3 e6 4. Bb2 a5 5. a4 Nf6 6. h3 Bf5 7. Nh4 Bg6 8. Be2 Na6 9. 0-0 Nb4 10. d3 Bd6 11. Nd2 Qe7 12. Nxg6 hxg6 13. c3 Nc6 14. d4 e5 15. c4 exd4 16. exd4 0-0 17. Bf3 Nb4 18. g3 Qd7 19. Kg2 Rfe8 20. Bc3 c6 21. Re1 Rxe1 22. Qxe1 Nc2 23. Qc1 Nxa1 24. Bxa1 Qf5 25. Nf1 Qd3 26. Ne3 Qxb3 27. cxd5 cxd5 28. Bd1 Qa2 29. Bc2 Rc8 30. Qd1 Bb4 31. h4 Bc3 32. Bxc3 Rxc3 33. h5 gxh5 34. Bf5 Rxe3 0-1

[Event "Titled Tuesday intern op 12th Mar Early"]
[Site "Chess.com INT"]
[Date "2024.03.12"]
[Round "1"]
[White "Parra Gomez, Adrian"]
[Black "Yeletsky, Ivan"]
[Result "0-1"]
[WhiteElo "2208"]
[BlackElo "2504"]
[PlyCount "122"]
[EventDate "2024.03.12"]
[EventType "swiss (blitz)"]
[EventRounds "11"]
[EventCountry "USA"]
[SourceTitle "CB12_2024"]
[SourceDate "2023.10.01"]
[SourceVersion "1"]
[SourceVersionDate "2023.10.01"]
[SourceQuality "1"]

1. d4 Nf6 2. c4 Nc6 3. Nf3 e6 4. Bg5 h6 5. Bxf6 Qxf6 6. Nc3 g5 7. e3 g4 8. Nd2 Rg8 9. a3 d6 10. Qc2 h5 11. Nde4 Qe7 12. d5 Ne5 13. 0-0-0 Bg7 14. c5 f5 15. cxd6 cxd6 16. Bb5+ Kf8 17. Ng3 a6 18. Be2 Qf7 19. f4 gxf3 20. gxf3 h4 21. f4 hxg3 22. fxe5 g2 23. Rhg1 Bxe5 24. Bf3 exd5 25. Nxd5 Be6 26. Kb1 Rc8 27. Qd2 Rc5 28. Nb4 Rb5 29. Be2 Rb6 30. Nd3 Bf6 31. Rc1 Bc4 32. Rc2 Qd5 33. Nb4 Qxd2 34. Rxd2 Bf7 35. Bf3 a5 36. Rdxg2 Rxg2 37. Rxg2 axb4 38. axb4 Rxb4 39. Bd1 Bd5 40. Rf2 Be4+ 41. Kc1 Be5 42. Bg4 Rc4+ 43. Kd1 Ke7 44. Be2 Rb4 45. Bf1 Rxb2 46. Rxb2 Bxb2 47. Bc4 Be5 48. h4 Bc6 49. Be2 b5 50. h5 b4 51. Kc2 Bd5 52. Bd3 b3+ 53. Kb1 Kf6 54. Be2 Be4+ 55. Kc1 b2+ 56. Kd2 b1Q 57. h6 Qb2+ 58. Ke1 Bg3+ 59. Kf1 Bf3 60. h7 Qxe2+ 61. Kg1 Qf2# 0-1

[Event "Titled Tuesday intern op 06th Feb Early"]
[Site "Chess.com INT"]
[Date "2024.02.06"]
[Round "10"]
[White "Skotheim, Andreas"]
[Black "Yeletsky, Ivan"]
[Result "0-1"]
[WhiteElo "2209"]
[BlackElo "2504"]
[PlyCount "174"]
[EventDate "2024.02.06"]
[EventType "swiss (blitz)"]
[EventRounds "11"]
[EventCountry "USA"]
[SourceTitle "CB07_2024"]
[SourceDate "2024.02.14"]
[SourceVersion "1"]
[SourceVersionDate "2024.02.14"]
[SourceQuality "1"]

1. Nf3 b6 2. e4 Bb7 3. Nc3 e6 4. d4 Bb4 5. Bd3 Nf6 6. Qe2 d5 7. exd5 Bxc3+ 8. bxc3 Qxd5 9. 0-0 Qh5 10. Ne5 Qxe2 11. Bxe2 Nbd7 12. Bf4 Nd5 13. Bf3 0-0-0 14. Bxd5 Bxd5 15. c4 Nxe5 16. Bxe5 Bxc4 17. Rfd1 f6 18. Bf4 h5 19. h4 Rd5 20. c3 Ra5 21. a3 Rd8 22. f3 Rb5 23. Rab1 a6 24. Kf2 Kb7 25. Rxb5 axb5 26. Re1 c5 27. Rd1 Kc6 28. Be3 Ra8 29. Bc1 Bd5 30. Ke3 g5 31. hxg5 fxg5 32. Kf2 Rg8 33. Rh1 h4 34. Re1 g4 35. fxg4 Rxg4 36. Rg1 cxd4 37. cxd4 Rxd4 38. Rh1 Rc4 39. Bg5 Rc2+ 40. Ke3 Rxg2 41. Bxh4 Kb7 42. Rc1 Rh2 43. Be7 Rh3+ 44. Kd4 Rh7 45. Bb4 Rh4+ 46. Ke5 Re4+ 47. Kd6 Bc4 48. Rg1 Rd4+ 49. Ke5 Rd5+ 50. Ke4 Rf5 51. Rg7+ Kc6 52. Rh7 Bd5+ 53. Ke3 Rf3+ 54. Kd4 Rf4+ 55. Ke3 Re4+ 56. Kd3 Rg4 57. Re7 Bc4+ 58. Ke3 Kd5 59. Re8 e5 60. Rd8+ Ke6 61. Re8+ Kf6 62. Rf8+ Bf7 63. Rb8 Kf5 64. Rf8 Rg3+ 65. Kf2 Rg7 66. Bc3 Ke4 67. Ke2 Bc4+ 68. Kf2 Rh7 69. Re8 Rh2+ 70. Kg3 Rh5 71. Kg4 Rf5 72. Re7 Be2+ 73. Kg3 Kd5 74. Bb4 Rf3+ 75. Kg2 Rf5 76. Kg3 Kc4 77. Kg2 Bf3+ 78. Kg3 Bd5 79. Kg4 Rf4+ 80. Kg3 Re4 81. Kf3 Rd4+ 82. Ke3 Re4+ 83. Kd2 Kb3 84. Rc7 Bc4 85. Rd7 Re2+ 86. Kd1 Rh2 87. Rd2 Rh1# 0-1

[Event "Titled Tuesday intern op 06th Feb Late"]
[Site "Chess.com INT"]
[Date "2024.02.06"]
[Round "10"]
[White "Woodward, Andy"]
[Black "Yeletsky, Ivan"]
[Result "1-0"]
[WhiteElo "2501"]
[BlackElo "2504"]
[PlyCount "131"]
[EventDate "2024.02.06"]
[EventType "swiss (blitz)"]
[EventRounds "11"]
[EventCountry "USA"]
[SourceTitle "CB07_2024"]
[SourceDate "2024.02.14"]
[SourceVersion "1"]
[SourceVersionDate "2024.02.14"]
[SourceQuality "1"]

1. d4 e6 2. c4 c5 3. d5 g6 4. Nc3 Bg7 5. g3 d6 6. Bg2 Bxc3+ 7. bxc3 e5 8. h4 Nf6 9. f4 Qe7 10. fxe5 Qxe5 11. Qd3 Bf5 12. Bf4 Qe7 13. Qf3 Be4 14. Qf1 Nbd7 15. Nf3 Nh5 16. Bg5 f6 17. Bf4 Nb6 18. Nd2 Bxg2 19. Qxg2 0-0-0 20. a4 a5 21. Qf3 Rhe8 22. Kf2 Nxf4 23. gxf4 f5 24. h5 Nd7 25. Rag1 Nf6 26. hxg6 hxg6 27. Rxg6 Rg8 28. Rhg1 Rxg6 29. Rxg6 Qf7 30. Rg5 Ng4+ 31. Ke1 Re8 32. Nf1 Qd7 33. Qd3 Nh6 34. Rh5 Qg7 35. Ng3 Rf8 36. Rg5 Qf6 37. Nh5 Qe7 38. Rg7 Qh4+ 39. Ng3 Qxf4 40. Qd2 Qxd2+ 41. Kxd2 Ng4 42. Nxf5 Rxf5 43. Rxg4 Kc7 44. Rg7+ Kc8 45. e4 Rf3 46. Re7 Rh3 47. Rf7 b6 48. Re7 Rg3 49. Kc2 Rf3 50. Kb3 Re3 51. Kc2 Re2+ 52. Kd3 Ra2 53. e5 dxe5 54. Ke4 Rxa4 55. d6 Rxc4+ 56. Kd5 Rxc3 57. Kc6 Kd8 58. Ra7 Ke8 59. d7+ Ke7 60. Ra8 Rd3 61. Re8+ Kf6 62. d8Q+ Rxd8 63. Rxd8 e4 64. Kd5 e3 65. Re8 a4 66. Rxe3 1-0

[Event "Titled Tuesday intern op 14th Nov Early"]
[Site "Chess.com INT"]
[Date "2023.11.14"]
[Round "4"]
[White "Yeletsky, Ivan"]
[Black "Anishka, Vikram"]
[Result "1-0"]
[WhiteElo "2504"]
[BlackElo "1712"]
[PlyCount "75"]
[EventDate "2023.11.14"]
[EventType "swiss (blitz)"]
[EventRounds "11"]
[EventCountry "USA"]
[SourceTitle "CB47_2023"]
[SourceDate "2023.11.22"]
[SourceVersion "1"]
[SourceVersionDate "2023.11.22"]
[SourceQuality "1"]

1. e4 c5 2. Nf3 d6 3. d4 cxd4 4. Nxd4 Nf6 5. Nd2 g6 6. c4 Bg7 7. Be2 0-0 8. 0-0 Nc6 9. Nxc6 bxc6 10. Rb1 d5 11. cxd5 cxd5 12. e5 Nd7 13. Nf3 Nxe5 14. Nxe5 Bxe5 15. Bh6 Bg7 16. Bxg7 Kxg7 17. Bf3 e6 18. b4 Rb8 19. a4 Bd7 20. b5 Qb6 21. Qd2 a6 22. h4 axb5 23. axb5 h6 24. Rfe1 Qc5 25. Rec1 Qe7 26. b6 Qxh4 27. Rc7 Rfd8 28. b7 Qe7 29. Qc3+ Qf6 30. Qc5 Qf5 31. Ra1 Qf6 32. Ra7 d4 33. Be4 e5 34. Ra8 Rxa8 35. bxa8Q Rxa8 36. Bxa8 Be6 37. Bd5 Bf5 38. Rxf7+ 1-0

[Event "Titled Tuesday intern op 14th Nov Early"]
[Site "Chess.com INT"]
[Date "2023.11.14"]
[Round "6"]
[White "Yeletsky, Ivan"]
[Black "Pourkashiyan, Atousa"]
[Result "1-0"]
[WhiteElo "2504"]
[BlackElo "2259"]
[PlyCount "123"]
[EventDate "2023.11.14"]
[EventType "swiss (blitz)"]
[EventRounds "11"]
[EventCountry "USA"]
[SourceTitle "CB47_2023"]
[SourceDate "2023.11.22"]
[SourceVersion "1"]
[SourceVersionDate "2023.11.22"]
[SourceQuality "1"]

1. d4 Nf6 2. c4 e6 3. a3 d5 4. cxd5 exd5 5. Nc3 c6 6. Bg5 Be7 7. e3 0-0 8. Bd3 Nbd7 9. Bf4 Re8 10. h3 Nf8 11. Nf3 Bd6 12. 0-0 Bxf4 13. exf4 Ne4 14. Qc2 Nxc3 15. bxc3 Qf6 16. Rfe1 Bd7 17. g3 Bxh3 18. Ng5 Bg4 19. Bxh7+ Kh8 20. Bd3 Rxe1+ 21. Rxe1 Ne6 22. Re5 g6 23. Kg2 Kg7 24. f3 Nxg5 25. fxg4 Ne4 26. Bxe4 dxe4 27. Qxe4 Rh8 28. Re7 Qd6 29. Qe5+ Qxe5 30. fxe5 Rb8 31. g5 Kf8 32. Rc7 a5 33. Kf3 b5 34. Rxc6 b4 35. axb4 axb4 36. cxb4 Rxb4 37. Rd6 Rb3+ 38. Kf4 Ke7 39. Ra6 Rb1 40. d5 Rf1+ 41. Kg4 Rd1 42. Ra7+ Ke8 43. d6 Re1 44. Kf4 Rf1+ 45. Kg4 Re1 46. Re7+ Kf8 47. Kf4 Rf1+ 48. Ke4 Re1+ 49. Kd5 Rd1+ 50. Kc6 Rc1+ 51. Kd7 Ra1 52. Rxf7+ Kxf7 53. e6+ Kg7 54. e7 Ra7+ 55. Ke6 Ra8 56. d7 Ra6+ 57. Ke5 Ra5+ 58. Ke4 Ra4+ 59. Ke3 Ra3+ 60. Kd2 Ra2+ 61. Kc3 Ra3+ 62. Kb4 1-0

[Event "Titled Tuesday intern op 26th Sep Late"]
[Site "Chess.com INT"]
[Date "2023.09.26"]
[Round "4"]
[White "Sokolovsky, Yahli"]
[Black "Yeletsky, Ivan"]
[Result "1/2-1/2"]
[WhiteElo "2474"]
[BlackElo "2504"]
[PlyCount "63"]
[EventDate "2023.09.26"]
[EventType "swiss (blitz)"]
[EventRounds "11"]
[EventCountry "USA"]
[SourceTitle "EXT 2024"]
[Source "ChessBase"]
[SourceDate "2023.10.10"]
[SourceVersion "1"]
[SourceVersionDate "2023.10.10"]
[SourceQuality "1"]

1. b3 e5 2. Bb2 Nc6 3. e3 Nf6 4. Nf3 e4 5. Nd4 Ne7 6. c4 c5 7. Nb5 d5 8. Bxf6 gxf6 9. cxd5 a6 10. d6 Nd5 11. N1c3 Nxc3 12. Nxc3 f5 13. Bc4 Qxd6 14. Qh5 Qg6 15. Qe2 Bg7 16. a4 Qxg2 17. 0-0-0 Qg4 18. Qf1 Qh4 19. Nd5 Be6 20. Nc7+ Kd7 21. Nxa8 Rxa8 22. Rg1 Bh8 23. Bxe6+ fxe6 24. Qc4 b5 25. axb5 axb5 26. Qxb5+ Kc7 27. Qxc5+ Kd7 28. Qb5+ Kc7 29. Qc4+ Kd7 30. Qb5+ Kc7 31. Qc5+ Kd7 32. Qb5+ 1/2-1/2

[Event "Titled Tuesday intern op 29th Aug Early"]
[Site "Chess.com INT"]
[Date "2023.08.29"]
[Round "11"]
[White "Andreikin, Dmitry"]
[Black "Yeletsky, Ivan"]
[Result "1-0"]
[WhiteElo "2729"]
[BlackElo "2504"]
[PlyCount "105"]
[EventDate "2023.08.29"]
[EventType "swiss (blitz)"]
[EventRounds "11"]
[EventCountry "USA"]
[SourceTitle "EXT 2024"]
[Source "ChessBase"]
[SourceDate "2023.10.10"]
[SourceVersion "1"]
[SourceVersionDate "2023.10.10"]
[SourceQuality "1"]

1. d4 d5 2. Nf3 Nf6 3. c4 c6 4. e3 Bf5 5. Nc3 e6 6. Nh4 Be4 7. f3 Bg6 8. Qb3 Qc7 9. Bd2 Be7 10. cxd5 cxd5 11. 0-0-0 Nc6 12. Nxg6 hxg6 13. Kb1 a6 14. Rc1 Rc8 15. Bd3 Nd7 16. h4 b5 17. Ne2 Nb6 18. Qd1 Nc4 19. e4 Qb6 20. exd5 exd5 21. Bxc4 bxc4 22. Bc3 Bd6 23. Qd2 Ne7 24. Rce1 Kd7 25. h5 gxh5 26. Qg5 g6 27. Qf6 Rhf8 28. Nf4 Qc6 29. g4 Rce8 30. gxh5 Bc7 31. Qg5 gxh5 32. Nxh5 Qg6+ 33. Qxg6 fxg6 34. Ng7 Rc8 35. Ne6 Rf7 36. Nc5+ Kc6 37. Nxa6 Bd6 38. Nb4+ Kd7 39. a4 Rxf3 40. Rh7 Kd8 41. Re6 Kd7 42. Rxg6 Rf1+ 43. Kc2 Rf5 44. Na6 Rf2+ 45. Kb1 Rcf8 46. Nc5+ Bxc5 47. dxc5 Rf1+ 48. Ka2 R8f7 49. Rd6+ Kc7 50. Ba5+ Kb7 51. Rd7+ Ka6 52. Bb6 Rxh7 53. Ra7# 1-0

[Event "Titled Tuesday intern op 29th Aug Early"]
[Site "Chess.com INT"]
[Date "2023.08.29"]
[Round "2"]
[White "Golubev, Mikhail"]
[Black "Yeletsky, Ivan"]
[Result "0-1"]
[WhiteElo "2461"]
[BlackElo "2504"]
[PlyCount "44"]
[EventDate "2023.08.29"]
[EventType "swiss (blitz)"]
[EventRounds "11"]
[EventCountry "USA"]
[SourceTitle "EXT 2024"]
[Source "ChessBase"]
[SourceDate "2023.10.10"]
[SourceVersion "1"]
[SourceVersionDate "2023.10.10"]
[SourceQuality "1"]

1. e4 e5 2. Nf3 Nc6 3. Bc4 Nf6 4. Ng5 d5 5. exd5 Na5 6. Bb5+ c6 7. dxc6 bxc6 8. Bd3 Nd5 9. Nf3 Bd6 10. 0-0 0-0 11. Re1 f5 12. Nxe5 Qf6 13. Nf3 g5 14. c4 Nf4 15. Bf1 g4 16. d4 gxf3 17. Qxf3 Ne6 18. c5 Bc7 19. b4 Qxd4 20. bxa5 Qxa1 21. Nc3 Bxa5 22. Qg3+ Kf7 0-1

[Event "Titled Tuesday intern op 29th Aug Early"]
[Site "Chess.com INT"]
[Date "2023.08.29"]
[Round "10"]
[White "Movahed, Sina"]
[Black "Yeletsky, Ivan"]
[Result "1-0"]
[WhiteElo "2417"]
[BlackElo "2504"]
[PlyCount "201"]
[EventDate "2023.08.29"]
[EventType "swiss (blitz)"]
[EventRounds "11"]
[EventCountry "USA"]
[SourceTitle "EXT 2024"]
[Source "ChessBase"]
[SourceDate "2023.10.10"]
[SourceVersion "1"]
[SourceVersionDate "2023.10.10"]
[SourceQuality "1"]

1. e4 e5 2. Nf3 Nc6 3. Bb5 Nf6 4. 0-0 Nxe4 5. Re1 Nd6 6. Nxe5 Be7 7. Bd3 Nxe5 8. Rxe5 0-0 9. Nc3 Ne8 10. b3 c6 11. Bb2 Bf6 12. Re1 g6 13. Qf3 d5 14. Ba3 Nd6 15. Qf4 Nf5 16. Bxf8 Qxf8 17. g4 Qd6 18. Qxd6 Nxd6 19. h3 b5 20. Rad1 a5 21. Ne2 c5 22. Nf4 Bb7 23. Bf1 Bg5 24. Nd3 c4 25. Nc5 Bc6 26. Bg2 Rc8 27. d3 c3 28. d4 Kf8 29. Nd3 b4 30. Ne5 Bd2 31. Nxc6 Bxe1 32. Bxd5 Bd2 33. Ne5 Nb5 34. Nc4 Nxd4 35. Nxd2 cxd2 36. Rxd2 Nxc2 37. Be4 Na3 38. Rd5 Re8 39. f3 Nb1 40. Bxb1 Re1+ 41. Kf2 Rxb1 42. Rxa5 Ke7 43. g5 Ke6 44. h4 Rd1 45. Ra6+ Ke7 46. Ra4 Rd4 47. a3 Rxh4 48. Rxb4 Rh5 49. Rb7+ Ke6 50. Rb6+ Ke7 51. Rb5 h6 52. Rb7+ Ke6 53. gxh6 Rxh6 54. a4 Rh2+ 55. Kg3 Ra2 56. Rb5 f5 57. Kf4 Kf6 58. Rb6+ Kf7 59. Rb5 Kf6 60. a5 g5+ 61. Ke3 f4+ 62. Kd3 Rf2 63. a6 Rxf3+ 64. Kc4 Rf1 65. Ra5 Rc1+ 66. Kd4 Rd1+ 67. Ke4 Re1+ 68. Kf3 Re3+ 69. Kf2 Re8 70. a7 Ra8 71. b4 Ke6 72. b5 Kd5 73. b6+ Kc6 74. Rb5 Kxb5 75. b7 Rxa7 76. b8Q+ Ka6 77. Kf3 Rb7 78. Qc8 Ka7 79. Kg4 Rb6 80. Kxg5 f3 81. Qc7+ Ka6 82. Qf4 Rb5+ 83. Kg4 Ka5 84. Qxf3 Rb4+ 85. Kf5 Rc4 86. Ke5 Kb5 87. Kd5 Rc5+ 88. Kd4 Rc4+ 89. Kd3 Rc5 90. Qb7+ Ka5 91. Kd4 Rc1 92. Kd3 Rc5 93. Qb8 Rc6 94. Qb2 Rc5 95. Qb7 Rc1 96. Qa7+ Kb4 97. Qd4+ Kb3 98. Qd5+ Kb2 99. Qb5+ Ka2 100. Kd2 Rh1 101. Qd5+ 1-0